ՀՀ Գիտությունների ազգային ակադեմիայի հիմնարար գիտական գրադարան  =   Fundamental Scientific Library of NAS RA

Համաշխարհային ջրհեղեղ : (Record no. 381709)

MARC details
000 -LEADER
fixed length control field 01433nam a2200289 i 4500
001 - CONTROL NUMBER
control field 001354056
003 - CONTROL NUMBER IDENTIFIER
control field AM-YeHGA
005 - DATE AND TIME OF LATEST TRANSACTION
control field 20250617152959.0
008 - FIXED-LENGTH DATA ELEMENTS--GENERAL INFORMATION
fixed length control field 170403s2017 ai a|||gr|||||||1|||arm||
020 ## - INTERNATIONAL STANDARD BOOK NUMBER
International Standard Book Number 9789939021362
040 ## - CATALOGING SOURCE
Original cataloging agency AM-YeHGA
041 1# - LANGUAGE CODE
Language code of text/sound track or separate title Armenian
Language code of original Russian
090 ## - LOCALLY ASSIGNED LC-TYPE CALL NUMBER (OCLC); LOCAL CALL NUMBER (RLIN)
-- 383646
100 1# - MAIN ENTRY--PERSONAL NAME
Personal name Գոլովին, Սերգեյ Լեոնիդի
245 ## - TITLE STATEMENT
Title Համաշխարհային ջրհեղեղ :
Remainder of title Առասպե՞լ, լեգե՞նդ, թե՞ եղելություն: Սուրբգրքային կատաստրոֆիզմի հանրամատչելի ներածություն /
Statement of responsibility, etc. Ս.Լ. Գոլովին ; Ռուս. թարգմ.՝ Գ. Դարբինյան ; Խմբ.՝ Մ. Մարտիրոսյան, Կ. Մարտիրոսյան
260 ## - PUBLICATION, DISTRIBUTION, ETC.
Place of publication, distribution, etc. Էջմիածին :
Name of publisher, distributor, etc. Հեղինակային հրատարակություն,
Date of publication, distribution, etc. 2017.
300 ## - PHYSICAL DESCRIPTION
Extent 144 էջ :
Other physical details նկ. ;
Dimensions 20 սմ.
440 #0 - SERIES STATEMENT/ADDED ENTRY--TITLE
Title Աշխարհաստեղծումն ըստ քրիստոնեական ըմբռնման
490 ## - SERIES STATEMENT
Series statement ;
500 ## - GENERAL NOTE
General note Նվիրվում է 2016թ. ապրիլյան պատերազմում Արցախում զոհված հայորդիների հիշատակին:
504 ## - BIBLIOGRAPHY, ETC. NOTE
Bibliography, etc. note Ծանոթագրություններ՝ էջ 122-131:
504 ## - BIBLIOGRAPHY, ETC. NOTE
Bibliography, etc. note Մատենագիտություն՝ էջ 132-137:
650 14 - SUBJECT ADDED ENTRY--TOPICAL TERM
Topical term or geographic name entry element Կրոն
650 14 - SUBJECT ADDED ENTRY--TOPICAL TERM
Topical term or geographic name entry element Բնագիտություն
700 1# - ADDED ENTRY--PERSONAL NAME
Personal name Մարտիրոսյան, Մինաս
Relator term խմբ.
Relationship edt
942 ## - ADDED ENTRY ELEMENTS (KOHA)
Source of classification or shelving scheme Universal Decimal Classification
Koha item type Գրքեր / Books
Holdings
Withdrawn status Lost status Source of classification or shelving scheme Damaged status Not for loan Collection Home library Current library Date acquired Total checkouts Full call number Barcode Date last seen Price effective from Koha item type Public note
    Universal Decimal Classification     General Fundamental Scientific Library Fundamental Scientific Library 21/04/2017   AII/102307 FL0445592 21/04/2017 21/04/2017 Գրքեր / Books 30 Days Loan
    Universal Decimal Classification     General Fundamental Scientific Library Fundamental Scientific Library 21/04/2017   AII/102308 FL0445593 21/04/2017 21/04/2017 Գրքեր / Books 30 Days Loan
    Universal Decimal Classification     General Fundamental Scientific Library Fundamental Scientific Library 21/04/2017   AII/102309 FL0445594 21/04/2017 21/04/2017 Գրքեր / Books 30 Days Loan


ՀՀ ԳԱԱ հիմնարար գիտական գրադարան
ՀՀ,Երևան 0019
Մարշալ Բաղրամյան 24/6
հեռախոս:(374-10) 52-47-50
Հետադարձ կապ

All site content, except where otherwise noted, is licensed under a
Creative Commons License